[Event "San Sebastian op 30th"]
[Site "San Sebastian"]
[Date "2007.04.05"]
[Round "6"]
[White "Kuende Gorostidi, Jon"]
[Black "Wannebroucq, Sebastien"]
[Result "0-1"]
[WhiteElo "1891"]
[BlackElo "2146"]
[PlyCount "80"]
[EventDate "2007.04.01"]
[EventType "swiss"]
[EventRounds "9"]
[EventCountry "ESP"]
[SourceTitle "CBM 117 Extra"]
[Source "ChessBase"]
[SourceDate "2007.05.09"]
[SourceVersion "1"]
[SourceVersionDate "2007.05.09"]
[SourceQuality "1"]

1. e4 g6 2. d4 Bg7 3. Nc3 d6 4. Be3 a6 5. f3 b5 6. h4 h5 7. Qd2 Nd7 8. Nh3 Bb7 9. Be2 Rc8 10. g4 hxg4 11. fxg4 Rxh4 12. 0-0-0 c5 13. Ng5 Rxh1 14. Rxh1 cxd4 15. Bxd4 Bxd4 16. Qxd4 Ne5 17. Rh8 Kd7 18. Nd5 Bxd5 19. exd5 Qc7 20. c3 Nf6 21. Rxc8 Kxc8 22. a4 Qb7 23. axb5 axb5 24. Ne4 Nxd5 25. g5 Kc7 26. Nc5 Qc6 27. Nb3 Nb6 28. Na5 Qh1+ 29. Kc2 Qa8 30. Qb4 Nc6 31. Nxc6 Qxc6 32. Bxb5 Qg2+ 33. Kb3 Qxg5 34. Qa5 Qd5+ 35. Kc2 g5 36. c4 Qe4+ 37. Kb3 g4 38. Qc3 Qf3 39. Qxf3 gxf3 40. Kb4 Nd7 0-1

[Event "San Sebastian op 30th"]
[Site "San Sebastian"]
[Date "2007.04.04"]
[Round "4"]
[White "Wannebroucq, Sebastien"]
[Black "Irure Crespo, Egoitz"]
[Result "1/2-1/2"]
[WhiteElo "2146"]
[BlackElo "1953"]
[PlyCount "76"]
[EventDate "2007.04.01"]
[EventType "swiss"]
[EventRounds "9"]
[EventCountry "ESP"]
[SourceTitle "CBM 117 Extra"]
[Source "ChessBase"]
[SourceDate "2007.05.09"]
[SourceVersion "1"]
[SourceVersionDate "2007.05.09"]
[SourceQuality "1"]

1. e4 c6 2. d4 d5 3. exd5 cxd5 4. Bd3 Nc6 5. c3 Nf6 6. Bf4 Bg4 7. Qb3 Qd7 8. Nd2 e6 9. Ngf3 Bxf3 10. Nxf3 Bd6 11. Bg3 0-0 12. 0-0 Bxg3 13. hxg3 Rfc8 14. Rae1 Ng4 15. Qd1 h6 16. Nh4 Nf6 17. f4 g6 18. Qf3 Ne7 19. g4 Rf8 20. Qh3 Kg7 21. Nf3 h5 22. Ne5 Qc7 23. g5 Nd7 24. Qf3 Rae8 25. g3 a6 26. Kg2 Rh8 27. Rh1 b5 28. Qe2 Qd6 29. a3 Nb6 30. g4 hxg4 31. Qxg4 Nc4 32. Qe2 Nb6 33. Kg3 Nc6 34. Rh6 Nxe5 35. dxe5 Qb8 36. Qh2 Nd7 37. Rh1 Reg8 38. Qe2 Nc5 1/2-1/2

[Event "FRA Cup semifinal"]
[Site "Versailles"]
[Date "2006.06.11"]
[Round "1"]
[White "Wannebroucq, Sebastien"]
[Black "Nataf, Igor Alexandre"]
[Result "0-1"]
[WhiteElo "2149"]
[BlackElo "2558"]
[PlyCount "97"]
[EventDate "2006.06.11"]
[EventType "team"]
[EventRounds "1"]
[EventCountry "FRA"]
[SourceTitle "EXT 2007"]
[Source "ChessBase"]
[SourceDate "2006.11.23"]
[SourceVersion "1"]
[SourceVersionDate "2006.11.23"]
[SourceQuality "1"]

1. Nf3 Nf6 2. c4 g6 3. b4 Bg7 4. Bb2 d6 5. e3 0-0 6. d4 Nbd7 7. Be2 e5 8. 0-0 e4 9. Nfd2 Re8 10. Nc3 Nf8 11. a4 h5 12. a5 N8h7 13. Qc2 Bf5 14. a6 b6 15. Qa4 Ng5 16. Qc6 Bd7 17. Qb7 Rb8 18. Qxa7 Bc6 19. Nb5 Re7 20. Qxb8 Qxb8 21. a7 Qd8 22. Rfc1 Ba8 23. c5 dxc5 24. bxc5 bxc5 25. Rxc5 Ne6 26. Rc2 c6 27. Nc3 Rb7 28. Ncxe4 Nxe4 29. Nxe4 Qd7 30. Rac1 Rxa7 31. d5 Qxd5 32. Nf6+ Bxf6 33. Bxf6 c5 34. f3 Qf5 35. Bc3 Qg5 36. Bd2 Rd7 37. Kf2 Kh7 38. Bc4 Ng7 39. Bb5 Qh4+ 40. Ke2 Bxf3+ 41. Kxf3 Rxd2 42. Rxd2 Qg4+ 43. Kf2 Qb4 44. Rdc2 Qxb5 45. Rxc5 Qd3 46. R1c2 Ne6 47. R2c3 Qd8 48. e4 Nxc5 49. Ke1 0-1

[Event "FRA-chT2 0405"]
[Site "France"]
[Date "2005.01.09"]
[Round "6.6"]
[White "Wannebroucq, Sebastien"]
[Black "Gaudineau, Gilles"]
[Result "1-0"]
[WhiteElo "2137"]
[BlackElo "2057"]
[PlyCount "77"]
[EventDate "2004.10.10"]
[EventType "team"]
[EventRounds "11"]
[EventCountry "FRA"]
[SourceTitle "EXT 2006"]
[Source "ChessBase"]
[SourceDate "2005.11.24"]
[SourceVersion "1"]
[SourceVersionDate "2005.11.24"]
[SourceQuality "1"]

1. Nf3 g6 2. e4 Bg7 3. d4 d6 4. Nc3 Bg4 5. Be3 Nd7 6. Bc4 e6 7. h3 Bxf3 8. Qxf3 Ne7 9. h4 h5 10. g4 c6 11. gxh5 Rxh5 12. Qg3 Qc7 13. Be2 Rh8 14. 0-0-0 0-0-0 15. h5 d5 16. Qf3 f6 17. hxg6 Rdg8 18. Rxh8 Bxh8 19. Rg1 Nf8 20. exd5 exd5 21. Bd3 Qd7 22. Qh5 f5 23. Ne2 Bf6 24. Nf4 Rh8 25. Qf3 Ne6 26. c3 Ng5 27. Qg2 Ne4 28. Rh1 Rg8 29. f3 Nd6 30. Rh7 Qe8 31. g7 Qf7 32. Nh5 Bh4 33. Qh2 Qe6 34. Bf4 Qe1+ 35. Kc2 Nf7 36. Bd2 Qf2 37. Qxf2 Bxf2 38. Nf6 Rd8 39. g8Q 1-0